| 000 | 00415nam a2200109Ia 4500 | ||
|---|---|---|---|
| 008 | 160909s9999 xx 000 0 und d | ||
| 100 | _aYedgarian, Vahick A. | ||
| 245 | 2 | _aA Causal Comparative Study of American Expatriate Adjustment in Russia and Job-Specific Attributes | |
| 260 |
_bNorthcentral University. _c2016 |
||
| 650 | _aENTREPRENEURSHIP | ||
| 856 | _uhttp://pqdtopen.proquest.com/doc/1807954158.html?FMT=ABS | ||
| 999 |
_c304447 _d304447 |
||